000 02235nam a2200397 4500
001 14041
003 http://catalogue.bnf.fr/ark:/12148/cb48733464g
005 20260326100614.0
010 _a9782846818032
_d13 EUR
073 0 _a9782846818032
090 _a14041
099 _o0
100 _a20260319d a y0frey50 ba
101 0 _afre
102 _aFR
105 _a||||z 00|||
181 0 _601
_ai
_bxxxe
181 _602
_ctxt
_2rdacontent
182 0 _601
_an
182 _602
_cn
_2rdamedia
200 1 _aLe scarabée et l'océan
_bTexte imprimé
214 0 _cEditions Les Solitaires Intempestifs
_dDL 2026
214 3 _cImpr. Présence graphique
214 0 _aBesançon
214 3 _a37-Monts
215 _a1 vol. (88 p.)
215 _d18 cm
225 1 _aJeunesse
323 _a5 personnages
330 _aNour a 11 ans, entre en sixième et arrive d un pays où le masculin et le féminin n existent plus. Il y a soixante ans, l Ustrilie a même adopté une « réforme de grammaire neutre ». Nour est l enfant de Tala. Tala travaille pour l Unesco et vient d obtenir une mutation en France. En franchissant les portes du collège, Nour découvre que les humains sont divisés en deux équipes, les « filles » et les « garçons ». Nour a du mal à s adapter et déclenche le rire des autres sans comprendre pourquoi. Heureusement, Nour peut parler à son ami imaginaire, un scarabée, et rencontre Eli, que tout le monde s obstine à appeler Eliott: les deux enfants se lient d une profonde amitié à l abri de laquelle on peut se confier ses secrets. Leïla Anis propose une satire de nos catégorisations de sexe et de genre. Réactivant le principe littéraire du regard étranger qui permet la critique de nos habitudes et des normes en place, cette fable malicieuse s appuie sur des recherches en sociologie et linguistique pour poser cette question sous-jacente : En quoi la division assoit-elle les inégalités ?
610 _agenre
_atransidentité
_aadolescence
700 _aAnis
_bLeïla
700 _cAuteur du texte
801 0 _aFR
_bFR-751131015
_c20260319
_gAFNOR
_hFRBNF487334640000001
856 2 _u1193407
_bPremière de couverture
856 2 _u1193408
_bQuatrième de couverture